00447 2200169 4500001002100000005001500021035002000036245004100056100002200097250000600119300001800125260006200143082001600205084002200221020001800243650001600261INLIS00000000000203220250320011830 a0010-03250000771 aberapa banyak ? /cemilia, fransisca1 aemilia, fransisca a1 a24 ;c21 x 29 ajakarta :bbadan pengembangan dan pembinaan bahasa,c2023 a398.209 598 a398.209 598 EMI b a9786231187826 4acerita anak